skbl

Dr Suryya Kumar Bhuyan Library Web-OPAC
ডঃ সূৰ্য্য
কুমাৰ ভূঞা পুথিভঁৰাল ৱেব-অ'পেক

All Research Scholars are advised to clear the annual library fees to continue using Library Resources, Remote Access, Plagiarism Test and Library Clearance.

Cotton University Book Fair 2026

The Life of William Ewart Gladstone / (Record no. 10536)

MARC details
000 -LEADER
fixed length control field 00570nam a2200205Ia 4500
001 - CONTROL NUMBER
control field 10549
008 - FIXED-LENGTH DATA ELEMENTS--GENERAL INFORMATION
fixed length control field 131120s1903 ii a g b000 u 465 u
082 ## - DEWEY DECIMAL CLASSIFICATION NUMBER
Classification number 942.08
100 ## - MAIN ENTRY--PERSONAL NAME
Personal name Morley, J. .
245 #0 - TITLE STATEMENT
Title The Life of William Ewart Gladstone /
Statement of responsibility, etc. J. Morley.
Medium Textual Documents
250 ## - EDITION STATEMENT
Edition statement 1st ed /
260 ## - PUBLICATION, DISTRIBUTION, ETC.
Place of publication, distribution, etc. London :
Name of publisher, distributor, etc. Macmillan and co ,
Date of publication, distribution, etc. 1903.
300 ## - PHYSICAL DESCRIPTION
Extent 3v.; vi, 648p. :
Other physical details ill. ;
Dimensions 22cm. .
500 ## - GENERAL NOTE
General note Three Volumes are there.
504 ## - BIBLIOGRAPHY, ETC. NOTE
Bibliography, etc. note Index
653 ## - INDEX TERM--UNCONTROLLED
Uncontrolled term History-Gladstone
653 ## - INDEX TERM--UNCONTROLLED
Uncontrolled term T/G- History
653 ## - INDEX TERM--UNCONTROLLED
Uncontrolled term T/MS- History
942 ## - ADDED ENTRY ELEMENTS (KOHA)
Source of classification or shelving scheme Dewey Decimal Classification
Koha item type Books
Holdings
Withdrawn status Lost status Damaged status Not for loan Home library Current library Date acquired Coded location qualifier Total checkouts Full call number Barcode Date last seen Copy number Price effective from Koha item type Collection Shelving location
        Dr. Suryya Kumar Bhuyan Library Dr. Suryya Kumar Bhuyan Library 01/02/2012 00000   942.08 M 827 L 546.92 13/01/2024 5 01/02/2012 Books    
        Dr. Suryya Kumar Bhuyan Library Dr. Suryya Kumar Bhuyan Library 01/02/2012 00000   942.08 M 827 L 111.4 13/01/2024 7 01/02/2012 Books    
        Dr. Suryya Kumar Bhuyan Library Dr. Suryya Kumar Bhuyan Library 01/02/2012 00000   942.08 M 827 L 111.5 13/01/2024 6 01/02/2012 Books    
        Dr. Suryya Kumar Bhuyan Library Dr. Suryya Kumar Bhuyan Library 01/02/2012 00000   942.08 M 827 L 111.61 13/01/2024 8 01/02/2012 Books    
        Dr. Suryya Kumar Bhuyan Library Dr. Suryya Kumar Bhuyan Library 01/02/2012 00000   942.08 M 827 L 35332 13/01/2024 1 01/02/2012 Books    
        Dr. Suryya Kumar Bhuyan Library Dr. Suryya Kumar Bhuyan Library 01/02/2012 00000   942.08 M 827 L 35333 13/01/2024 2 01/02/2012 Books    
        Dr. Suryya Kumar Bhuyan Library Dr. Suryya Kumar Bhuyan Library 01/02/2012 00000   942.08 M 827 L 542.61 13/01/2024 3 01/02/2012 Books    
        Dr. Suryya Kumar Bhuyan Library Dr. Suryya Kumar Bhuyan Library 01/02/2012 00000   942.08 M 827 L 542.62 13/01/2024 4 01/02/2012 Books    

Designed and Maintained by Team SKBL
©1901-2026

Powered by Koha